Metrology for Engineers. (Record no. 549)

MARC details
005 - DATE AND TIME OF LATEST TRANSACTION
control field 20250623082845.0
020 ## - INTERNATIONAL STANDARD BOOK NUMBER
International Standard Book Number 0 304 30612 6
082 ## - DEWEY DECIMAL CLASSIFICATION NUMBER
Classification number LM 389.1 GAY
100 ## - MAIN ENTRY--PERSONAL NAME
Author name GAYER, J. F. W.
245 ## - TITLE STATEMENT
Title Metrology for Engineers.
250 ## - EDITION STATEMENT
Edition statement 4th Ed.
260 ## - PUBLICATION, DISTRIBUTION, ETC.
Place of publication, distribution, etc. London,
Name of publisher, distributor, etc. Cassell Ltd,
Date of publication, distribution, etc. 1980.
300 ## - PHYSICAL DESCRIPTION
Extent vii, 243p.: ill.; graph, picture, table
Other physical details Bibliography & Index
Dimensions 24cm.
700 ## - ADDED ENTRY--PERSONAL NAME
Other authors/Editors SHOTBOLT, C. R.
942 ## - ADDED ENTRY ELEMENTS (KOHA)
Source of classification or shelving scheme Dewey Decimal Classification
Koha item type Books
Holdings
Date last seen Total checkouts Full call number Barcode Cost, replacement price Price effective from Koha item type Lost status Source of classification or shelving scheme Damaged status Not for loan Withdrawn status Home library Current library Shelving location Date acquired Cost, normal purchase price
03/13/2025   LM 389.1 GAY 000000877 120000.00 03/13/2025 Books   Dewey Decimal Classification       College of Business Education Main Library College of Business Education Main Library General Collection 04/11/2005 40000.00
05/29/2025   LM 389.1 GAY 0000008234 120000.00 05/29/2025 Books   Dewey Decimal Classification       College of Business Education Main Library College of Business Education Main Library General Collection 04/11/2005 40000.00